000 00523nmm a2200181Ia 4500
008 251105s9999||||xx |||||||||||||||||und||
020 _a9788498867329
041 _aspa
100 _aLillo, Rafaela
245 0 _aEl pintalabios
264 _a[Madrid, España] :
_bVision Libros,
_c[Fecha de publicación no identificada]
300 _a162 páginas
650 _aSpanish narrative
700 _aLillo, Rafaela
700 1 _a Maciá, Manuela
856 _uhttps://public.digitaliapublishing.com/a/89197
942 _cCF
999 _c67847
_d67847